Ghibli Filme mit Bildern - Statistiken

Allgemein
  • Dieses Quiz wurde 35 mal gespielt
  • Das Durchschnittsergebnis liegt bei 9 aus 16
Antwortstatistiken
Bildquiz Antwort % Korrekt
Prinzessin Mononoke
97%
Das wandelnde Schloss
90%
Mein Nachbar Totoro
90%
Chihiros Reise ins Zauberland
86%
Ponyo
76%
Das Schloss im Himmel
72%
Der Junge und der Reiher
69%
Kikis kleiner Lieferservice
69%
Arrietty
59%
Die letzten Glühwürmchen
59%
Porco Rosso
52%
Wie der Wind sich hebt
38%
Erinnerungen an Marnie
28%
Die Legende der Prinzessin Kaguya
21%
Stimme des Herzens
14%
Tränen der Erinnerung
10%
Keine übereinstimmenden Quizze gefunden
Verteilung der Resultate
Anzahl Personen mit jedem Resultat
Perzentil nach korrekt beantworteten Fragen
Ihre Resultats-Entwicklung
Sie haben dieses Quiz noch nicht gespielt